Template matching techniques in computer vision (Record no. 61498)
[ view plain ]
| 000 -LEADER | |
|---|---|
| fixed length control field | 01324nam a2200325Ia 4500 |
| 100 1# - MAIN ENTRY--AUTHOR NAME | |
| Personal name | Brunelli, Roberto, |
| 245 10 - TITLE STATEMENT | |
| Title | Template matching techniques in computer vision |
| 260 ## - PUBLICATION, DISTRIBUTION, ETC. (IMPRINT) | |
| Place of publication | Chichester, West Sussex, U.K. ; |
| -- | Hoboken, NJ : |
| Name of publisher | Wiley, |
| Year of publication | 2009. |
| 300 ## - PHYSICAL DESCRIPTION | |
| Number of Pages | x, 338 p. : |
| Other physical details | ill. |
| 650 #0 - SUBJECT ADDED ENTRY--TOPICAL TERM | |
| Topical Term | Computer vision. |
| Topical Term | Template matching (Digital image processing) |
| Topical Term | Image processing |
| Topical Term | Optical pattern recognition. |
| Topical Term | Image analysis. |
| 856 40 - ELECTRONIC LOCATION AND ACCESS | |
| Uniform Resource Identifier | http://site.ebrary.com/lib/rucke/Doc?id=10308085 |
No items available.
